000 00631nam a2200229Ia 4500
003 OSt
005 20221007071057.0
006 a|||||r|||| 00| 0
007 ta
008 221006b |||||||| |||| 00| 0 eng d
024 _a27,267
037 _cTextual
040 _aFLL
_cFLL
_beng
041 _2eng
_aeng
082 _aV2:91:9Zy7, G5.2
100 _aKhanna Basant Krishan
_9688090
245 0 _aIndian election cases
260 _aLahore
_bRipon Printing Press Lahore
_c1935
300 _aii,1-238p
_ccm.
942 _hV2:91:9Zy7, G5.2
_cTEXL
_2CC
999 _c1142378
_d1142378